000 00751cab a2200229 4500
001 ABS48526
008 090401t1993 xxu||||| |||| 00| 0 eng d
035 _a(Sirsi) u67248
041 _aeng
100 _aMcLellan, A.
245 _aProfessional touch
260 _c1993
350 _a0
490 _aNew Builder
_v(174) 14 May 1993, 16-17(2)
520 _aLooks at the progress of the CIOB`s Chartered Building Company scheme which has been running since mid-1992. The title means that the company must follow a code of professional conduct.
650 _aCHARTERED BUILDING COMPANIES
650 _aCHARTERED INSTITUTE OF BUILDING
650 _aPROFESSIONAL CONDUCT
690 _aBUILT ENVIRONMENT
942 _n0
948 _c04/03/1997
999 _c42082
_d42082